[Event "11th LCC Super Blitz 2019"]
[Site "London"]
[Date "2019.12.08"]
[Round "2.7"]
[White "Ratnesan, Ranesh"]
[Black "Petrov, Vladimir Sergeev"]
[Result "1-0"]
[WhiteElo "2213"]
[BlackElo "2355"]
[Annotator "NA"]
[PlyCount "90"]
[EventDate "2019.12.08"]
[EventType "swiss"]
[EventCountry "ENG"]
[SourceTitle "playchess.com"]
[Source "ChessBase"]
[SourceQuality "1"]
[TimeControl "180+2"]

1. d4 {[%emt 0:00:00]} Nf6 {[%emt 0:00:02]} 2. c4 {[%emt 0:00:01]} e6 {[%emt 0:00:01]} 3. Nc3 {[%emt 0:00:02]} Bb4 {[%emt 0:00:03]} 4. Qc2 {[%emt 0:00:01]} O-O {[%emt 0:00:02]} 5. a3 {[%emt 0:00:01]} Bxc3+ {[%emt 0:00:02]} 6. Qxc3 {[%emt 0:00:01]} b5 {[%emt 0:00:01]} 7. cxb5 {[%emt 0:00:04]} c6 {[%emt 0:00:01]} 8. bxc6 {[%emt 0:00:24]} Nxc6 {[%emt 0:00:04]} 9. Nf3 {[%emt 0:00:03]} Ba6 {[%emt 0:00:09]} 10. Bg5 {[%emt 0:00:13]} Rc8 {[%emt 0:00:15]} 11. Qd2 {[%emt 0:00:16]} Na5 {[%emt 0:00:21]} 12. Bxf6 {[%emt 0:00:03]} gxf6 {[%emt 0:00:02]} 13. Rd1 {[%emt 0:00:13]} Nb3 {[%emt 0:00:12]} 14. Qb4 {[%emt 0:00:10]} Rb8 {[%emt 0:00:10]} 15. Qa4 {[%emt 0:00:12]} Qc8 {[%emt 0:00:45]} 16. g3 {[%emt 0:00:51]} Rb6 {[%emt 0:00:11]} 17. e3 {[%emt 0:00:13]} Qb7 {[%emt 0:00:30]} 18. Bg2 {[%emt 0:00:12]} Qc7 {[%emt 0:00:07]} 19. Bf1 {[%emt 0:00:05]} Qb7 {[%emt 0:00:06]} 20. Bg2 {[%emt 0:00:01]} d5 {[%emt 0:00:03]} 21. Bf1 {[%emt 0:00:07]} Rc8 {[%emt 0:00:09]} 22. Bxa6 {[%emt 0:00:25]} Rxa6 {[%emt 0:00:02]} 23. Qb4 {[%emt 0:00:01]} Qxb4+ {[%emt 0:00:05]} 24. axb4 {[%emt 0:00:01]} Ra2 {[%emt 0:00:02]} 25. O-O {[%emt 0:00:01]} Rxb2 {[%emt 0:00:02]} 26. Rb1 {[%emt 0:00:01]} Rcc2 {[%emt 0:00:04]} 27. Rxb2 Rxb2 {[%emt 0:00:01]} 28. h4 {[%emt 0:00:08]} Kf8 {[%emt 0:00:03]} 29. Kg2 {[%emt 0:00:01]} Ke7 {[%emt 0:00:01]} 30. Kh3 {[%emt 0:00:01]} Kd6 {[%emt 0:00:05]} 31. Kg4 {[%emt 0:00:01]} Kc6 {[%emt 0:00:14]} 32. Kh5 {[%emt 0:00:01]} Kb5 {[%emt 0:00:01]} 33. Kh6 {[%emt 0:00:01]} Kxb4 {[%emt 0:00:04]} 34. Kxh7 {[%emt 0:00:01]} a5 {[%emt 0:00:02]} 35. Kg7 {[%emt 0:00:02]} a4 {[%emt 0:00:02]} 36. h5 {[%emt 0:00:01]} a3 {[%emt 0:00:02]} 37. h6 {[%emt 0:00:01]} a2 {[%emt 0:00:04]} 38. h7 {[%emt 0:00:01]} Rb1 {[%emt 0:00:01]} 39. Rxb1 {[%emt 0:00:12]} axb1=Q {[%emt 0:00:02]} 40. h8=Q {[%emt 0:00:01]} Qg6+ {[%emt 0:00:02]} 41. Kf8 {[%emt 0:00:02]} Kc3 {[%emt 0:00:03]} 42. Ke7 {[%emt 0:00:02]} f5 {[%emt 0:00:03]} 43. Qf6 {[%emt 0:00:02]} Qg4 {[%emt 0:00:03]} 44. Ne5 Qe2 {[%emt 0:00:02]} 45. Qxf7 {[%emt 0:00:02]} Qxf2 {[%emt 0:00:04]} 1-0

[Event "11th LCC Super Blitz 2019"]
[Site "London"]
[Date "2019.12.08"]
[Round "2.7"]
[White "Orlovska, Madara"]
[Black "Yeo, Klaus Lucas"]
[Result "1-0"]
[WhiteElo "2072"]
[BlackElo "1176"]
[Annotator "NA"]
[PlyCount "97"]
[EventDate "2019.12.08"]
[EventType "swiss"]
[EventCountry "ENG"]
[SourceTitle "playchess.com"]
[Source "ChessBase"]
[SourceQuality "1"]
[TimeControl "180+2"]

1. d4 {[%emt 0:00:00]} d5 {[%emt 0:00:00]} 2. e4 {[%emt 0:00:01]} dxe4 {[%emt 0:00:01]} 3. Nc3 {[%emt 0:00:01]} Nc6 {[%emt 0:00:02]} 4. Be3 {[%emt 0:00:02]} e6 {[%emt 0:00:07]} 5. Nxe4 {[%emt 0:00:02]} Nf6 {[%emt 0:00:10]} 6. Nxf6+ {[%emt 0:00:09]} Qxf6 {[%emt 0:00:03]} 7. Qd2 {[%emt 0:00:00]} Bd7 {[%emt 0:00:12]} 8. Nf3 {[%emt 0:00:06]} h6 {[%emt 0:00:02]} 9. O-O-O {[%emt 0:00:08]} O-O-O {[%emt 0:00:03]} 10. Kb1 {[%emt 0:00:01]} Bd6 {[%emt 0:00:08]} 11. Bb5 {[%emt 0:00:04]} a6 {[%emt 0:00:11]} 12. Ba4 {[%emt 0:00:01]} Ne7 {[%emt 0:00:08]} 13. Bxd7+ {[%emt 0:00:04]} Rxd7 {[%emt 0:00:03]} 14. c4 {[%emt 0:00:02]} c6 {[%emt 0:00:32]} 15. Ka1 {[%emt 0:00:05]} Bc7 {[%emt 0:00:04]} 16. Qc3 {[%emt 0:00:03]} Rhd8 {[%emt 0:00:16]} 17. Rc1 {[%emt 0:00:19]} Nf5 {[%emt 0:00:05]} 18. Rhe1 {[%emt 0:00:03]} c5 {[%emt 0:00:17]} 19. dxc5 {[%emt 0:00:08]} Qxc3 {[%emt 0:00:04]} 20. Rxc3 {[%emt 0:00:02]} Ba5 {[%emt 0:00:07]} 21. Rec1 {[%emt 0:00:18]} Bxc3 {[%emt 0:00:03]} 22. bxc3 {[%emt 0:00:00]} Rd1 {[%emt 0:00:03]} 23. Kb2 {[%emt 0:00:10]} Rxc1 {[%emt 0:00:03]} 24. Bxc1 {[%emt 0:00:03]} f6 {[%emt 0:00:13]} 25. g4 {[%emt 0:00:04]} Ne7 {[%emt 0:00:06]} 26. Nd4 {[%emt 0:00:03]} e5 {[%emt 0:00:04]} 27. Ne6 {[%emt 0:00:01]} Rg8 {[%emt 0:00:03]} 28. c6 {[%emt 0:00:08]} bxc6 {[%emt 0:00:05]} 29. Nc5 {[%emt 0:00:00]} Ng6 {[%emt 0:00:21]} 30. Nxa6 {[%emt 0:00:03]} Nh4 {[%emt 0:00:02]} 31. Nb4 {[%emt 0:00:03]} Kd7 {[%emt 0:00:03]} 32. a4 {[%emt 0:00:03]} Nf3 {[%emt 0:00:03]} 33. h3 {[%emt 0:00:03]} Ra8 {[%emt 0:00:01]} 34. Kb3 {[%emt 0:00:04]} g5 {[%emt 0:00:12]} 35. Nd3 {[%emt 0:00:05]} Nh4 {[%emt 0:00:06]} 36. Nc5+ {[%emt 0:00:01]} Kc7 {[%emt 0:00:01]} 37. Ne6+ {[%emt 0:00:01]} Kd7 {[%emt 0:00:02]} 38. Nc5+ {[%emt 0:00:05]} Kc8 {[%emt 0:00:04]} 39. Ne4 {[%emt 0:00:06]} Rb8+ {[%emt 0:00:03]} 40. Ka3 {[%emt 0:00:02]} f5 {[%emt 0:00:03]} 41. Nd6+ {[%emt 0:00:03]} Kc7 {[%emt 0:00:01]} 42. Nxf5 {[%emt 0:00:01]} Nxf5 {[%emt 0:00:02]} 43. gxf5 {[%emt 0:00:01]} Rf8 {[%emt 0:00:00]} 44. Be3 {[%emt 0:00:04]} Rxf5 {[%emt 0:00:01]} 45. a5 {[%emt 0:00:01]} Rf8 {[%emt 0:00:03]} 46. Bc5 {[%emt 0:00:02]} Ra8 {[%emt 0:00:02]} 47. Bb6+ {[%emt 0:00:02]} Kb7 {[%emt 0:00:01]} 48. Kb4 {[%emt 0:00:01]} Ka6 {[%emt 0:00:02]} 49. Kc5 {[%emt 0:00:01]} 1-0

[Event "11th LCC Super Blitz 2019"]
[Site "London"]
[Date "2019.12.08"]
[Round "2.7"]
[White "Phillips, David"]
[Black "Stoyanov, Viktor"]
[Result "1/2-1/2"]
[WhiteElo "1810"]
[BlackElo "2191"]
[Annotator "NA"]
[PlyCount "172"]
[EventDate "2019.12.08"]
[EventType "swiss"]
[EventCountry "ENG"]
[SourceTitle "playchess.com"]
[Source "ChessBase"]
[SourceQuality "1"]
[TimeControl "180+2"]

1. e4 {[%emt 0:00:02]} c5 {[%emt 0:00:00]} 2. Nc3 {[%emt 0:00:05]} e6 {[%emt 0:00:00]} 3. g3 {[%emt 0:00:10]} d5 {[%emt 0:00:01]} 4. Bg2 {[%emt 0:00:20]} dxe4 {[%emt 0:00:02]} 5. Nxe4 {[%emt 0:00:06]} Nc6 {[%emt 0:00:02]} 6. Ne2 {[%emt 0:00:12]} Be7 {[%emt 0:00:03]} 7. O-O {[%emt 0:00:08]} Nf6 {[%emt 0:00:02]} 8. d3 {[%emt 0:00:14]} O-O {[%emt 0:00:02]} 9. Be3 {[%emt 0:00:07]} Nxe4 {[%emt 0:00:08]} 10. dxe4 {[%emt 0:00:13]} Qc7 {[%emt 0:00:02]} 11. c3 {[%emt 0:00:05]} b6 {[%emt 0:00:03]} 12. Qc2 {[%emt 0:00:08]} Bb7 {[%emt 0:00:02]} 13. f4 {[%emt 0:00:14]} Rfd8 {[%emt 0:00:05]} 14. Rad1 {[%emt 0:00:10]} Na5 {[%emt 0:00:04]} 15. Rxd8+ {[%emt 0:00:18]} Rxd8 {[%emt 0:00:01]} 16. Rd1 {[%emt 0:00:02]} Nc4 {[%emt 0:00:04]} 17. Bc1 {[%emt 0:00:13]} b5 {[%emt 0:00:14]} 18. b3 {[%emt 0:00:07]} Nb6 {[%emt 0:00:01]} 19. Be3 {[%emt 0:00:15]} Rc8 {[%emt 0:00:04]} 20. Rd2 {[%emt 0:00:09]} Bc6 {[%emt 0:00:25]} 21. Qd1 {[%emt 0:00:13]} Qb7 {[%emt 0:00:03]} 22. Qc2 {[%emt 0:00:03]} a5 {[%emt 0:00:04]} 23. Nc1 {[%emt 0:00:03]} a4 {[%emt 0:00:14]} 24. Nd3 {[%emt 0:00:02]} axb3 {[%emt 0:00:04]} 25. axb3 {[%emt 0:00:04]} c4 {[%emt 0:00:02]} 26. Nf2 {[%emt 0:00:05]} cxb3 {[%emt 0:00:03]} 27. Qxb3 {[%emt 0:00:01]} Nc4 {[%emt 0:00:01]} 28. Re2 {[%emt 0:00:03]} Nxe3 {[%emt 0:00:03]} 29. Rxe3 {[%emt 0:00:01]} Bc5 {[%emt 0:00:04]} 30. Re2 {[%emt 0:00:00]} Rd8 {[%emt 0:00:03]} 31. Qc2 {[%emt 0:00:04]} Qd7 {[%emt 0:00:08]} 32. h3 {[%emt 0:00:02]} f5 {[%emt 0:00:07]} 33. Kh2 {[%emt 0:00:03]} g6 {[%emt 0:00:07]} 34. exf5 {[%emt 0:00:02]} exf5 {[%emt 0:00:03]} 35. Bxc6 {[%emt 0:00:02]} Qxc6 {[%emt 0:00:01]} 36. Nd3 {[%emt 0:00:01]} Bf8 {[%emt 0:00:09]} 37. Ne5 {[%emt 0:00:01]} Qd5 {[%emt 0:00:01]} 38. Qa2 {[%emt 0:00:02]} Qxa2 {[%emt 0:00:07]} 39. Rxa2 {[%emt 0:00:01]} Rc8 {[%emt 0:00:01]} 40. c4 {[%emt 0:00:06]} bxc4 {[%emt 0:00:02]} 41. Rc2 {[%emt 0:00:00]} c3 {[%emt 0:00:02]} 42. Kg2 {[%emt 0:00:02]} Bb4 {[%emt 0:00:10]} 43. Nd3 {[%emt 0:00:01]} Ba5 {[%emt 0:00:00]} 44. Kf3 {[%emt 0:00:03]} Rd8 {[%emt 0:00:02]} 45. Ke2 {[%emt 0:00:01]} Re8+ {[%emt 0:00:03]} 46. Ne5 {[%emt 0:00:01]} g5 {[%emt 0:00:11]} 47. Kd3 {[%emt 0:00:01]} gxf4 {[%emt 0:00:02]} 48. gxf4 {[%emt 0:00:01]} Kg7 {[%emt 0:00:05]} 49. Rg2+ {[%emt 0:00:01]} Kf6 {[%emt 0:00:03]} 50. Ra2 {[%emt 0:00:01]} Rd8+ {[%emt 0:00:06]} 51. Kc4 {[%emt 0:00:04]} Bc7 {[%emt 0:00:12]} 52. Ra6+ {[%emt 0:00:02]} Rd6 {[%emt 0:00:01]} 53. Rxd6+ {[%emt 0:00:06]} Bxd6 {[%emt 0:00:01]} 54. Nd3 {[%emt 0:00:01]} c2 {[%emt 0:00:03]} 55. Kc3 {[%emt 0:00:03]} Ke6 {[%emt 0:00:04]} 56. Kxc2 {[%emt 0:00:02]} Kd5 {[%emt 0:00:01]} 57. Kd2 {[%emt 0:00:03]} Ke4 {[%emt 0:00:01]} 58. Ke2 {[%emt 0:00:01]} Bxf4 {[%emt 0:00:02]} 59. Nf2+ {[%emt 0:00:01]} Kd5 {[%emt 0:00:04]} 60. Kf3 {[%emt 0:00:01]} Bd6 {[%emt 0:00:01]} 61. Nd3 {[%emt 0:00:01]} Ke6 {[%emt 0:00:02]} 62. Ne1 {[%emt 0:00:01]} Kf6 {[%emt 0:00:02]} 63. Ng2 {[%emt 0:00:01]} Kg5 {[%emt 0:00:01]} 64. Ne3 {[%emt 0:00:01]} Bc5 {[%emt 0:00:04]} 65. Ng2 {[%emt 0:00:02]} Ba7 {[%emt 0:00:07]} 66. Kg3 {[%emt 0:00:04]} Bb8+ {[%emt 0:00:04]} 67. Kf3 {[%emt 0:00:01]} Bc7 {[%emt 0:00:02]} 68. Ne3 {[%emt 0:00:02]} f4 {[%emt 0:00:01]} 69. Nd5 {[%emt 0:00:02]} Bb8 {[%emt 0:00:01]} 70. Nc3 {[%emt 0:00:07]} Kh4 {[%emt 0:00:01]} 71. Kg2 {[%emt 0:00:01]} Kg5 {[%emt 0:00:04]} 72. Kf3 {[%emt 0:00:01]} Kf5 {[%emt 0:00:01]} 73. Ne2 {[%emt 0:00:01]} Be5 {[%emt 0:00:02]} 74. Nc1 {[%emt 0:00:03]} Ke6 {[%emt 0:00:04]} 75. Ke4 {[%emt 0:00:01]} Bb8 {[%emt 0:00:02]} 76. Nd3 {[%emt 0:00:01]} Kf6 {[%emt 0:00:02]} 77. Nxf4 {[%emt 0:00:02]} Kg5 {[%emt 0:00:00]} 78. Ng2 {[%emt 0:00:06]} Bc7 {[%emt 0:00:02]} 79. Kf3 {[%emt 0:00:01]} h5 {[%emt 0:00:02]} 80. Kf2 {[%emt 0:00:04]} Kf5 {[%emt 0:00:01]} 81. Kf3 {[%emt 0:00:01]} Bh2 {[%emt 0:00:04]} 82. Nh4+ {[%emt 0:00:01]} Kg5 {[%emt 0:00:01]} 83. Ng2 {[%emt 0:00:01]} Bc7 {[%emt 0:00:01]} 84. Kf2 {[%emt 0:00:01]} h4 {[%emt 0:00:03]} 85. Nxh4 {[%emt 0:00:02]} Kxh4 {[%emt 0:00:01]} 86. Kf3 {[%emt 0:00:01]} Kxh3 {[%emt 0:00:01]} 1/2-1/2

[Event "11th LCC Super Blitz 2019"]
[Site "London"]
[Date "2019.12.08"]
[Round "2.9"]
[White "Royal, Shreyas"]
[Black "Patel, Rishi"]
[Result "1-0"]
[WhiteElo "1941"]
[BlackElo "1899"]
[Annotator "NA"]
[PlyCount "71"]
[EventDate "2019.12.08"]
[EventType "swiss"]
[EventCountry "ENG"]
[SourceTitle "playchess.com"]
[Source "ChessBase"]
[SourceQuality "1"]
[TimeControl "180+2"]

1. d4 {[%emt 0:01:37]} Nf6 {[%emt 0:00:02]} 2. c4 {[%emt 0:00:01]} e6 3. g3 {[%emt 0:00:02]} d5 {[%emt 0:00:03]} 4. Bg2 b6 {[%emt 0:00:06]} 5. cxd5 {[%emt 0:00:01]} exd5 {[%emt 0:00:02]} 6. Nf3 {[%emt 0:00:02]} Bb7 7. O-O {[%emt 0:00:02]} Bd6 8. Qc2 {[%emt 0:00:04]} O-O {[%emt 0:00:02]} 9. Nc3 {[%emt 0:00:01]} Nbd7 10. Bg5 {[%emt 0:00:07]} h6 {[%emt 0:00:02]} 11. Bd2 {[%emt 0:00:08]} Rc8 {[%emt 0:00:02]} 12. Rac1 {[%emt 0:00:02]} c5 {[%emt 0:00:07]} 13. Rfd1 {[%emt 0:00:05]} Re8 {[%emt 0:00:04]} 14. Qb1 {[%emt 0:00:13]} Nf8 {[%emt 0:00:09]} 15. e3 {[%emt 0:00:20]} Ne6 {[%emt 0:00:02]} 16. Nb5 {[%emt 0:00:08]} Bb8 {[%emt 0:00:03]} 17. Be1 {[%emt 0:00:16]} Qe7 {[%emt 0:00:14]} 18. Nc3 {[%emt 0:00:11]} Red8 {[%emt 0:00:05]} 19. Ne2 {[%emt 0:00:01]} Ne4 {[%emt 0:00:35]} 20. Nd2 {[%emt 0:00:20]} f5 {[%emt 0:00:04]} 21. Nxe4 {[%emt 0:00:02]} fxe4 {[%emt 0:00:01]} 22. dxc5 {[%emt 0:00:05]} bxc5 {[%emt 0:00:02]} 23. Ba5 {[%emt 0:00:01]} Rd7 {[%emt 0:00:15]} 24. b4 {[%emt 0:00:09]} Bc7 {[%emt 0:00:04]} 25. Bxc7 {[%emt 0:00:06]} Rdxc7 {[%emt 0:00:01]} 26. bxc5 {[%emt 0:00:02]} Nxc5 {[%emt 0:00:04]} 27. Nf4 {[%emt 0:00:08]} Qd7 {[%emt 0:00:17]} 28. Bh3 {[%emt 0:00:03]} Qf7 {[%emt 0:00:17]} 29. Rxc5 {[%emt 0:00:07]} Rxc5 {[%emt 0:00:07]} 30. Be6 Ba6 {[%emt 0:00:16]} 31. Bxf7+ {[%emt 0:00:03]} Kxf7 {[%emt 0:00:01]} 32. Qb3 {[%emt 0:00:09]} Bc4 {[%emt 0:00:03]} 33. Qb2 {[%emt 0:00:04]} R8c7 {[%emt 0:00:07]} 34. Qe5 {[%emt 0:00:02]} Bxa2 {[%emt 0:00:09]} 35. Qe6+ {[%emt 0:00:02]} Kf8 {[%emt 0:00:06]} 36. Ng6# 1-0

[Event "11th LCC Super Blitz 2019"]
[Site "London"]
[Date "2019.12.08"]
[Round "2.9"]
[White "Saidmurodov, Shahjahon"]
[Black "Joslin, Tim"]
[Result "0-1"]
[WhiteElo "1812"]
[BlackElo "1822"]
[Annotator "NA"]
[PlyCount "44"]
[EventDate "2019.12.08"]
[EventType "swiss"]
[EventCountry "ENG"]
[SourceTitle "playchess.com"]
[Source "ChessBase"]
[SourceQuality "1"]
[TimeControl "180+2"]

1. d4 {[%emt 0:00:00]} Nf6 {[%emt 0:00:00]} 2. Bf4 {[%emt 0:00:00]} c5 {[%emt 0:00:05]} 3. c3 {[%emt 0:00:01]} Qb6 {[%emt 0:00:05]} 4. Qd2 {[%emt 0:00:08]} cxd4 {[%emt 0:00:01]} 5. cxd4 {[%emt 0:00:01]} Nc6 {[%emt 0:00:01]} 6. e3 {[%emt 0:00:02]} e6 {[%emt 0:00:15]} 7. Bd3 {[%emt 0:00:01]} Be7 {[%emt 0:00:13]} 8. Nc3 {[%emt 0:00:04]} a6 {[%emt 0:00:03]} 9. Nf3 {[%emt 0:00:01]} O-O {[%emt 0:00:03]} 10. a3 {[%emt 0:00:02]} h6 {[%emt 0:00:08]} 11. O-O {[%emt 0:00:01]} Re8 {[%emt 0:00:07]} 12. Rac1 {[%emt 0:00:02]} d6 {[%emt 0:00:04]} 13. b4 {[%emt 0:00:38]} Bf8 {[%emt 0:00:05]} 14. Bb1 {[%emt 0:00:20]} e5 {[%emt 0:00:06]} 15. Bg3 {[%emt 0:00:12]} Bg4 {[%emt 0:00:07]} 16. d5 {[%emt 0:00:16]} Ne7 {[%emt 0:00:09]} 17. Ne1 {[%emt 0:00:07]} a5 {[%emt 0:00:13]} 18. b5 {[%emt 0:00:01]} Rac8 {[%emt 0:00:07]} 19. Kh1 {[%emt 0:00:04]} Rc5 {[%emt 0:00:13]} 20. f3 {[%emt 0:00:11]} Bh5 {[%emt 0:00:15]} 21. Na4 {[%emt 0:00:15]} Qxb5 {[%emt 0:00:02]} 22. Nxc5 {[%emt 0:00:02]} Qxf1# {[%emt 0:00:00]} 0-1

[Event "11th LCC Super Blitz 2019"]
[Site "London"]
[Date "2019.12.08"]
[Round "2.9"]
[White "Davis, Holden"]
[Black "Sheikh, Anum"]
[Result "1-0"]
[WhiteElo "1769"]
[BlackElo "1560"]
[Annotator "NA"]
[PlyCount "28"]
[EventDate "2019.12.08"]
[EventType "swiss"]
[EventCountry "ENG"]
[SourceTitle "playchess.com"]
[Source "ChessBase"]
[SourceQuality "1"]
[TimeControl "180+2"]

1. e4 {[%emt 0:00:00]} c5 {[%emt 0:00:00]} 2. d4 {[%emt 0:00:01]} cxd4 {[%emt 0:00:01]} 3. c3 {[%emt 0:00:01]} d5 4. exd5 {[%emt 0:00:01]} Qxd5 {[%emt 0:00:02]} 5. cxd4 {[%emt 0:00:00]} Nc6 {[%emt 0:00:03]} 6. Nf3 {[%emt 0:00:02]} e5 {[%emt 0:00:16]} 7. Nc3 {[%emt 0:00:01]} Bb4 {[%emt 0:00:01]} 8. Bd2 {[%emt 0:00:01]} Bxc3 9. Bxc3 {[%emt 0:00:01]} e4 {[%emt 0:00:15]} 10. Ne5 {[%emt 0:00:02]} Nxe5 {[%emt 0:00:14]} 11. dxe5 {[%emt 0:00:01]} Be6 {[%emt 0:00:06]} 12. Qe2 {[%emt 0:00:02]} Ne7 {[%emt 0:00:09]} 13. Rd1 {[%emt 0:00:13]} Qc6 {[%emt 0:00:09]} 14. Rd6 {[%emt 0:00:03]} Qa4 {[%emt 0:00:18]} 1-0

[Event "11th LCC Super Blitz 2019"]
[Site "London"]
[Date "2019.12.08"]
[Round "2.10"]
[White "Eames, Robert S"]
[Black "Vaidya, Raghav"]
[Result "1-0"]
[WhiteElo "2166"]
[BlackElo "1467"]
[Annotator "NA"]
[PlyCount "58"]
[EventDate "2019.12.08"]
[EventType "swiss"]
[EventCountry "ENG"]
[SourceTitle "playchess.com"]
[Source "ChessBase"]
[SourceQuality "1"]
[TimeControl "180+2"]

1. e4 {[%emt 0:00:01]} c5 {[%emt 0:00:00]} 2. Nf3 {[%emt 0:00:02]} Nc6 {[%emt 0:00:00]} 3. d4 {[%emt 0:00:01]} cxd4 {[%emt 0:00:01]} 4. Nxd4 {[%emt 0:00:01]} Nf6 {[%emt 0:00:01]} 5. Nc3 {[%emt 0:00:02]} e5 {[%emt 0:00:01]} 6. Ndb5 {[%emt 0:00:01]} d6 {[%emt 0:00:01]} 7. Bg5 {[%emt 0:00:02]} a6 {[%emt 0:00:01]} 8. Na3 {[%emt 0:00:01]} b5 {[%emt 0:00:00]} 9. Bxf6 {[%emt 0:00:02]} gxf6 {[%emt 0:00:04]} 10. Nd5 {[%emt 0:00:02]} f5 {[%emt 0:00:05]} 11. Bd3 {[%emt 0:00:09]} f4 {[%emt 0:00:05]} 12. c3 {[%emt 0:00:18]} Be6 {[%emt 0:00:02]} 13. Nc2 {[%emt 0:00:04]} Bxd5 {[%emt 0:00:02]} 14. exd5 {[%emt 0:00:01]} Nb8 {[%emt 0:00:04]} 15. a4 {[%emt 0:00:09]} bxa4 {[%emt 0:00:14]} 16. Rxa4 {[%emt 0:00:09]} Qc8 {[%emt 0:00:03]} 17. Nb4 {[%emt 0:00:22]} a5 {[%emt 0:00:08]} 18. Bb5+ {[%emt 0:00:05]} Nd7 {[%emt 0:00:06]} 19. Nc6 {[%emt 0:00:09]} Qb7 {[%emt 0:00:25]} 20. c4 {[%emt 0:00:18]} Qb6 {[%emt 0:00:32]} 21. O-O {[%emt 0:00:11]} Bg7 {[%emt 0:00:06]} 22. Qg4 {[%emt 0:00:09]} Rg8 {[%emt 0:00:19]} 23. Rfa1 {[%emt 0:00:28]} Nf6 {[%emt 0:00:23]} 24. Qf5 {[%emt 0:00:02]} Kf8 {[%emt 0:00:07]} 25. Rxa5 {[%emt 0:00:02]} Rxa5 {[%emt 0:00:01]} 26. Rxa5 {[%emt 0:00:02]} Qb7 {[%emt 0:00:26]} 27. Ra7 {[%emt 0:00:05]} Qb6 {[%emt 0:00:06]} 28. Ra8+ {[%emt 0:00:24]} Ne8 {[%emt 0:00:02]} 29. Nxe5 {[%emt 0:00:06]} Qb7 {[%emt 0:00:10]} 1-0

[Event "11th LCC Super Blitz 2019"]
[Site "London"]
[Date "2019.12.08"]
[Round "2.10"]
[White "Sandhu, Manvith"]
[Black "Dhemrait, Jagdeep"]
[Result "1/2-1/2"]
[WhiteElo "1673"]
[BlackElo "1834"]
[Annotator "NA"]
[PlyCount "81"]
[EventDate "2019.12.08"]
[EventType "swiss"]
[EventCountry "ENG"]
[SourceTitle "playchess.com"]
[Source "ChessBase"]
[SourceQuality "1"]
[TimeControl "180+2"]

1. e4 {[%emt 0:00:00]} c5 {[%emt 0:00:00]} 2. Nf3 {[%emt 0:00:00]} Nc6 {[%emt 0:00:00]} 3. Bb5 {[%emt 0:00:01]} g6 {[%emt 0:00:02]} 4. c3 {[%emt 0:00:05]} Bg7 {[%emt 0:00:02]} 5. d4 {[%emt 0:00:02]} cxd4 {[%emt 0:00:01]} 6. cxd4 {[%emt 0:00:01]} d5 {[%emt 0:00:05]} 7. e5 {[%emt 0:00:01]} e6 {[%emt 0:00:09]} 8. Bxc6+ {[%emt 0:00:04]} bxc6 {[%emt 0:00:02]} 9. O-O {[%emt 0:00:03]} a5 {[%emt 0:00:02]} 10. Nbd2 {[%emt 0:00:13]} Ne7 {[%emt 0:00:03]} 11. Qc2 {[%emt 0:00:02]} O-O {[%emt 0:00:02]} 12. b3 {[%emt 0:00:03]} Ba6 {[%emt 0:00:05]} 13. Rd1 {[%emt 0:00:02]} Qb6 {[%emt 0:00:03]} 14. Ba3 {[%emt 0:00:02]} Rfe8 {[%emt 0:00:03]} 15. Rac1 {[%emt 0:00:03]} Rac8 {[%emt 0:00:02]} 16. Bc5 {[%emt 0:00:03]} Qb7 {[%emt 0:00:02]} 17. Qc3 {[%emt 0:00:03]} Rc7 {[%emt 0:00:14]} 18. Qxa5 {[%emt 0:00:05]} Ra8 {[%emt 0:00:10]} 19. Bd6 {[%emt 0:00:11]} Rd7 {[%emt 0:00:01]} 20. Qc5 {[%emt 0:00:03]} Bf8 {[%emt 0:00:11]} 21. Rc2 {[%emt 0:00:58]} Bd3 {[%emt 0:00:09]} 22. Rc3 {[%emt 0:00:12]} Be2 {[%emt 0:00:10]} 23. Ra1 {[%emt 0:00:10]} Ra6 {[%emt 0:00:13]} 24. a4 {[%emt 0:00:05]} Bh6 {[%emt 0:00:23]} 25. Re1 {[%emt 0:00:14]} Bxf3 {[%emt 0:00:09]} 26. Nxf3 {[%emt 0:00:06]} Nc8 {[%emt 0:00:05]} 27. Re2 {[%emt 0:00:11]} Nxd6 {[%emt 0:00:07]} 28. exd6 {[%emt 0:00:02]} Bf8 {[%emt 0:00:02]} 29. Ne5 {[%emt 0:00:02]} Bxd6 {[%emt 0:00:17]} 30. Nxd7 {[%emt 0:00:08]} Bxc5 {[%emt 0:00:02]} 31. Nxc5 {[%emt 0:00:01]} Qb4 {[%emt 0:00:02]} 32. Rec2 {[%emt 0:00:22]} Qxd4 {[%emt 0:00:07]} 33. g3 {[%emt 0:00:06]} Ra8 {[%emt 0:00:11]} 34. Nd7 {[%emt 0:00:10]} Ra7 {[%emt 0:00:01]} 35. Nc5 {[%emt 0:00:04]} Qb4 {[%emt 0:00:09]} 36. Nd3 {[%emt 0:00:04]} Qe4 {[%emt 0:00:04]} 37. Nc5 {[%emt 0:00:01]} Qe5 {[%emt 0:00:04]} 38. Nd3 {[%emt 0:00:03]} Qe4 {[%emt 0:00:02]} 39. Nc5 {[%emt 0:00:01]} Qe5 {[%emt 0:00:02]} 40. Nd3 {[%emt 0:00:02]} Qe4 {[%emt 0:00:01]} 41. Nc5 {[%emt 0:00:02]} 1/2-1/2

[Event "11th LCC Super Blitz 2019"]
[Site "London"]
[Date "2019.12.08"]
[Round "2.11"]
[White "Watson, Steven L"]
[Black "Muhunthan, Charukgan"]
[Result "0-1"]
[WhiteElo "1634"]
[BlackElo "1401"]
[Annotator "NA"]
[PlyCount "69"]
[EventDate "2019.12.08"]
[EventType "swiss"]
[EventCountry "ENG"]
[SourceTitle "playchess.com"]
[Source "ChessBase"]
[SourceQuality "1"]
[TimeControl "180+2"]

1. e4 {[%emt 0:00:02]} c5 {[%emt 0:00:07]} 2. Nf3 {[%emt 0:00:02]} d6 {[%emt 0:00:00]} 3. d4 {[%emt 0:00:03]} cxd4 {[%emt 0:00:01]} 4. Nxd4 {[%emt 0:00:02]} Nf6 {[%emt 0:00:01]} 5. Nc3 {[%emt 0:00:01]} g6 {[%emt 0:00:01]} 6. Be3 {[%emt 0:00:12]} Bg7 {[%emt 0:00:02]} 7. f3 {[%emt 0:00:04]} Bd7 {[%emt 0:00:04]} 8. Bc4 {[%emt 0:00:06]} Nc6 {[%emt 0:00:02]} 9. Qd2 {[%emt 0:00:09]} O-O {[%emt 0:00:02]} 10. O-O-O {[%emt 0:00:05]} a6 {[%emt 0:00:00]} 11. Bb3 {[%emt 0:00:07]} Rc8 {[%emt 0:00:03]} 12. h4 {[%emt 0:00:08]} h5 {[%emt 0:00:02]} 13. Rdg1 {[%emt 0:00:24]} Ne5 {[%emt 0:00:05]} 14. f4 {[%emt 0:00:31]} Neg4 {[%emt 0:00:06]} 15. f5 {[%emt 0:00:10]} b5 {[%emt 0:00:11]} 16. fxg6 {[%emt 0:00:08]} Be6 {[%emt 0:00:11]} 17. gxf7+ {[%emt 0:00:09]} Bxf7 {[%emt 0:00:02]} 18. Bd5 {[%emt 0:00:06]} b4 {[%emt 0:00:08]} 19. Nce2 {[%emt 0:00:03]} Qa5 {[%emt 0:00:23]} 20. Kb1 {[%emt 0:00:02]} Bxd5 {[%emt 0:00:05]} 21. exd5 {[%emt 0:00:02]} Ne4 {[%emt 0:00:05]} 22. Qc1 {[%emt 0:00:16]} Rb8 {[%emt 0:00:12]} 23. Nb3 {[%emt 0:00:02]} Qc7 {[%emt 0:00:07]} 24. Ned4 {[%emt 0:00:02]} Qc8 {[%emt 0:00:10]} 25. Rf1 {[%emt 0:00:06]} Qd7 {[%emt 0:00:19]} 26. Ne6 {[%emt 0:00:07]} Rxf1 {[%emt 0:00:32]} 27. Rxf1 {[%emt 0:00:01]} Bf6 {[%emt 0:00:01]} 28. Rf5 {[%emt 0:00:16]} Ng3 {[%emt 0:00:11]} 29. Bg5 {[%emt 0:00:15]} Nxf5 {[%emt 0:00:08]} 30. Bxf6 {[%emt 0:00:04]} exf6 {[%emt 0:00:00]} 31. Qf4 {[%emt 0:00:06]} Ng7 {[%emt 0:00:31]} 32. Qf3 {[%emt 0:00:03]} Nxe6 33. dxe6 {[%emt 0:00:02]} Qxe6 {[%emt 0:00:02]} 34. Qd1 {[%emt 0:00:03]} a5 {[%emt 0:00:01]} 35. Nd4 {[%emt 0:00:08]} 0-1